000 01334nam a2200349 c 4500
003 BLK
005 20241129113628.0
008 180408b bul|||||r ||||||| ||bul||
010 _aKNG00085615000
020 _a978-954-26-0673-4
_bиздат.: Хермес
040 _aBLK
041 _aBUL
_cBUL
080 _aАмериканска литература (на САЩ)
_b821.111(73)
_x-312.4
_z821.111(73)-312.4
700 1 _aГарууд, Джули
_e*
_951452
100 1 _aГаруд, Джули
_d1946 -
_eпърви автор
_951448
700 1 _aКутева, Диана Янакиева
_d1955 -
_985939
139 _aГарууд, Джули
_bГ 23
245 1 0 _aТанц в сенките
_bРоман
_c* Джули Гарууд; Джули Гаруд; прев. от англ. Диана Янакиева Кутева.
257 _aUSA
260 Пловдив
_bХермес
_c2008
_fХасково : Полиграфюг
300 _a319 с.
_c20 см
380 _aX
490 1 _aМегаселър
500 _aОриг. загл. Shadow Dance / Julie Garwood.
653 _aромани
852 _aЦб 241335
856 4 _qpdf
_u
856 4 _qpdf
_u
942 _cKNG
_n0
_091
944 _aCR
_c16.09.2008
_lИвелин Русев
_k30563
944 _aED
_c04.03.2014
_lф /
_k
999 _c81117
_d81117